Complétez les paroles de Stromae - Statistiques

Statistiques générales
  • Ce quiz a été pris 2 496 fois
    1 538 depuis la dernière actualisation
  • Le résultat moyen est 6 sur 12
Statistiques - réponses
Paroles Suite % Correct
Maman dit que lorsqu'on cherche bien on finit toujours par trouver, elle dit qu'il n'est jamais très loin, qu'il ____ ____ _______ __________ Maman dit que lorsqu'on cherche bien on finit toujours par trouver, elle dit qu'il n'est jamais très loin, qu'il part {très} {souvent} {travailler}
93%
Qui dit argent dit dépenses et qui dit crédit ___ _______ Qui dit argent dit dépenses et qui dit crédit {dit} {créance}
82%
L'amour est comme l'oiseau de Twitter, on est bleu de lui _________ ____ __ ______ L'amour est comme l'oiseau de Twitter, on est bleu de lui {seulement} {pour} {48} {heures}
80%
Hé, reviens, cinq minutes quoi, j't'ai pas insultée, j'suis poli, courtois, et __ ___ ____ ______ Hé, reviens, cinq minutes quoi, j't'ai pas insultée, j'suis poli, courtois, et {un} {peu} {fort} {bourré}
76%
Tu peux croire que c'est qu'une crise, mate une dernière fois mon derrière, il est _ ____ __ ___ _______ Tu peux croire que c'est qu'une crise, mate une dernière fois mon derrière, il est {à} {côté} {de} {mes} {valises}
76%
J'ai parfois eu des pensées suicidaires et j'en suis peu fier, on croit parfois que c'est __ _____ _______ __ ___ _____ _____ J'ai parfois eu des pensées suicidaires et j'en suis peu fier, on croit parfois que c'est la seule manière {de} {les} {faire} {taire}
57%
Et si on célébrait ceux qui ne célèbrent pas, pour une fois, j'aimerais lever mon verre _ ____ __ _ __ ___ ___ Et si on célébrait ceux qui ne célèbrent pas, pour une fois, j'aimerais lever mon verre {à} {ceux} {qui} {n}'{en} {ont} {pas}
44%
Paulo aime les moules frites ____ ______ __ ____ ____ Paulo aime les moules frites {sans} {frites} {et} {sans} {mayo}
37%
Souviens-toi de la première fois où nos regards s'étaient croisés, même que ton œil ______ _____ _ _ _____ Souviens-toi de la première fois où nos regards s'étaient croisés, même que ton œil {disait} {merde} {à} {l}'{autre}
21%
Et tu aimes les petits enfants, décidément, rien ne t'arrête toi, et arrête de faire ton innocent sur ___ _______ __ __________ Et tu aimes les petits enfants, décidément, rien ne t'arrête toi, et arrête de faire ton innocent sur {les} {paquets} {de} {cigarettes}
13%
Je voudrais être son ombre mais je la déteste (te Quiero), même au bout du monde, eh bien __ ____ _ _____ Je voudrais être son ombre mais je la déteste (te Quiero), même au bout du monde, eh bien {qu}’{elle} {y} {reste}
13%
Laissez donc ma maman, oui je sais, c'est vrai qu'elle n'est pas parfaite, c'est un héros et ce sera toujours _________ ___ _ __ ________ Laissez donc ma maman, oui je sais, c'est vrai qu'elle n'est pas parfaite, c'est un héros et ce sera toujours fièrement {que} {j}'{en} {parlerai}
13%
Aucun quiz correspondant
Distribution des résultats
% des personnes avec chaque résultat
Percentile par nombre de réponses
Votre historique - résultats
Vous n’avez pas pris ce quiz depuis la dernière actualisation